Die landformung der Steiermark (grundzüge einer morphologie) (Record no. 26712)

MARC details
000 -LEADER
fixed length control field 00847cam a22002411 4500
001 - CONTROL NUMBER
control field gs 29000112
003 - CONTROL NUMBER IDENTIFIER
control field DLC
005 - DATE AND TIME OF LATEST TRANSACTION
control field 20260227111333.0
008 - FIXED-LENGTH DATA ELEMENTS--GENERAL INFORMATION
fixed length control field 820915s1928 au af 000 0 ger c
010 ## - LIBRARY OF CONGRESS CONTROL NUMBER
LC control number gs 29000112
035 ## - SYSTEM CONTROL NUMBER
System control number (OCoLC)8774582
040 ## - CATALOGING SOURCE
Original cataloging agency U.S. Geol. Survey. Libr.
Transcribing agency PPAN
Modifying agency DLC
042 ## - AUTHENTICATION CODE
Authentication code premarc
050 00 - LIBRARY OF CONGRESS CALL NUMBER
Classification number GB204.S8
Item number S6
100 1# - MAIN ENTRY--PERSONAL NAME
Personal name Sölch, Johann,
Dates associated with a name 1883-1951.
245 14 - TITLE STATEMENT
Title Die landformung der Steiermark (grundzüge einer morphologie)
Statement of responsibility, etc. Von dr. Joh. Sölch ...
260 ## - PUBLICATION, DISTRIBUTION, ETC.
Place of publication, distribution, etc. Graz,
Name of publisher, distributor, etc. Im Verlage des Naturwissenschaftlichen Vereines für Steiermark,
Date of publication, distribution, etc. 1928.
300 ## - PHYSICAL DESCRIPTION
Extent 221 p.
Other physical details 17 pl. (1 fold.) on 9 l., fold. tab.
Dimensions 23 cm.
500 ## - GENERAL NOTE
General note Plates and table in pocket.
504 ## - BIBLIOGRAPHY, ETC. NOTE
Bibliography, etc. note "Schriftenverzeichnis": p. [204]-214.
650 #0 - SUBJECT ADDED ENTRY--TOPICAL TERM
Topical term or geographic name entry element Physical geography
Geographic subdivision Austria
-- Styria.
650 #0 - SUBJECT ADDED ENTRY--TOPICAL TERM
Topical term or geographic name entry element Geology
Geographic subdivision Austria
-- Styria.

No items available.

Powered by Koha